000 00267nam a22001217a 4500
082 _a494
_bMIS/A
100 _aMISRA VINOD KUMAR
245 _aAPANGATA SE MUQUABLA
260 _aDELHI
_bNATIONAL BOOK TRUST
300 _a20
650 _aSTORY HINDI
_zDELHI
942 _cBK
999 _c4761
_d4761